[Event "Montreal op 07"]
[Site "Montreal"]
[Date "2003.07.14"]
[Round "4"]
[White "Valdir, Jorge"]
[Black "Morin, Daniel"]
[Result "1/2-1/2"]
[WhiteElo "1521"]
[BlackElo "1388"]
[PlyCount "65"]
[EventDate "2003.07.12"]
[EventType "swiss"]
[EventRounds "9"]
[EventCountry "CAN"]
[SourceTitle "EXT 2009"]
[Source "ChessBase"]
[SourceDate "2008.11.26"]
[SourceVersion "1"]
[SourceVersionDate "2008.11.26"]
[SourceQuality "1"]

1. d4 Nf6 2. c4 e6 3. Nc3 Bb4 4. Bd2 0-0 5. a3 Bxc3 6. Bxc3 d5 7. e3 b6 8. Bd3 Ba6 9. Qe2 Nbd7 10. Nf3 Ne4 11. Rc1 Rc8 12. 0-0 c5 13. cxd5 Nxc3 14. Rxc3 Bxd3 15. Qxd3 exd5 16. dxc5 Nxc5 17. Qf5 g6 18. Qe5 Re8 19. Qd4 Re4 20. Qd2 Rc4 21. Rxc4 dxc4 22. Qxd8+ Rxd8 23. Nd4 Na4 24. Rb1 Rd7 25. Kf1 a6 26. Ke1 b5 27. Kd2 Nc5 28. f3 Nb3+ 29. Kc3 Nc5 30. Rd1 Rd6 31. Rd2 f5 32. b3 cxb3 33. Nxb3 1/2-1/2

[Event "Montreal op 07"]
[Site "Montreal"]
[Date "2003.07.12"]
[Round "1"]
[White "Nadeau, Michel"]
[Black "Valdir, Jorge"]
[Result "1-0"]
[WhiteElo "1337"]
[BlackElo "1521"]
[PlyCount "61"]
[EventDate "2003.07.12"]
[EventType "swiss"]
[EventRounds "9"]
[EventCountry "CAN"]
[SourceTitle "EXT 2009"]
[Source "ChessBase"]
[SourceDate "2008.11.26"]
[SourceVersion "1"]
[SourceVersionDate "2008.11.26"]
[SourceQuality "1"]

1. d4 Nf6 2. Nc3 d5 3. e4 dxe4 4. f3 exf3 5. Nxf3 Bg4 6. h3 Bh5 7. g4 Bg6 8. g5 Ne4 9. Ne2 e6 10. Bg2 Nd6 11. 0-0 c6 12. c3 Nd7 13. Qe1 Be7 14. h4 Bd3 15. Ne5 Nxe5 16. dxe5 Nf5 17. Rf3 Bxe2 18. Qxe2 Nxh4 19. Rd3 Qb6+ 20. Be3 Bc5 21. Rf1 Nxg2 22. Kxg2 Bxe3 23. Qf3 Qxb2+ 24. Kh3 Rf8 25. Qxe3 Qxa2 26. Qd4 Qd5 27. Qe3 Qa5 28. Rfd1 Qb6 29. Qd2 Qc7 30. Rd7 Qc8 31. Qd6 1-0

[Event "Montreal Lawson Memorial"]
[Site "Montreal"]
[Date "2002.12.20"]
[Round "1"]
[White "Valdir, Jorge"]
[Black "Demers, Martin"]
[Result "1-0"]
[WhiteElo "1558"]
[BlackElo "1284"]
[PlyCount "57"]
[EventDate "2002.12.20"]
[EventType "swiss"]
[EventRounds "4"]
[EventCountry "CAN"]
[SourceTitle "EXT 2006"]
[Source "ChessBase"]
[SourceDate "2005.11.24"]
[SourceVersion "1"]
[SourceVersionDate "2005.11.24"]
[SourceQuality "1"]

1. d4 Nf6 2. c4 e6 3. Nc3 Bb4 4. Bd2 d5 5. e3 c5 6. dxc5 Bxc5 7. Nf3 0-0 8. Be2 Nc6 9. 0-0 b6 10. Rc1 Bb7 11. cxd5 exd5 12. a3 Rc8 13. Qb3 Re8 14. Bb5 a6 15. Be2 d4 16. exd4 Bxd4 17. Bc4 Na5 18. Bxf7+ Kf8 19. Qa2 Bxc3 20. Bxe8 Bd5 21. Qb1 Bxf3 22. Bxc3 Be4 23. Bxf6 Rxc1 24. Rxc1 Qxe8 25. Bxg7+ Kxg7 26. Rc7+ Kg8 27. Qa2+ Bd5 28. Qxd5+ Kf8 29. Qf5+ 1-0